Informal Institutions and Decentralization of Governance
Vzťah medzi uskutočniteľným stupňom decentralizácie riadenia a totalitnými mentálnymi modelmi, ktoré prevládajú v spoločnosti. Analyzovanie potenciálneho konfliktu medzi formálnymi inštitúciami majetkových práv a zmluvnými vzťahmi, ktorý by mohol spôsobiť spomalenie rozvoja hospodárskych systémov v...
Saved in:
| Main Author: | |
|---|---|
| Format: | Book Chapter |
| Language: | English |
| Subjects: | |
| Tags: |
No Tags, Be the first to tag this record!
|
MARC
| LEADER | 00000naa a2200000 4500 | ||
|---|---|---|---|
| 001 | 0257174 | ||
| 005 | 20190723071802.2 | ||
| 041 | 0 | |a eng | |
| 044 | |a PL | ||
| 245 | 1 | 0 | |a Informal Institutions and Decentralization of Governance |c Jiří Nohejl |
| 520 | |a Vzťah medzi uskutočniteľným stupňom decentralizácie riadenia a totalitnými mentálnymi modelmi, ktoré prevládajú v spoločnosti. Analyzovanie potenciálneho konfliktu medzi formálnymi inštitúciami majetkových práv a zmluvnými vzťahmi, ktorý by mohol spôsobiť spomalenie rozvoja hospodárskych systémov v postkomunistických krajinách. Skúsenosti s komunizmom v Československu: tri obdobia totalitného vývoja a nežná revolúcia. Vplyv špecifického inštitucionálneho prostredia na život. Význam decentralizácie riadenia. Post-komunistický vývoj a rozvoj českej a slovenskej spoločnosti riadenej rôznymi neformálnymi inštitúciami. | ||
| 610 | 2 | 0 | |a decentralizácia |
| 610 | 2 | 0 | |a riadenie |
| 610 | 2 | 0 | |a inštitúcia |
| 610 | 2 | 0 | |a politika |
| 610 | 2 | 0 | |a komunizmus |
| 610 | 2 | 0 | |a spoločnosť socialistická |
| 610 | 2 | 0 | |a modely |
| 610 | 2 | 0 | |a vývoj politický |
| 610 | 2 | 0 | |a vývoj spoločenský |
| 610 | 2 | 0 | |a revolúcia |
| 610 | 2 | 0 | |a Československo |
| 610 | 2 | 0 | |a Česko |
| 610 | 2 | 0 | |a Slovensko |
| 100 | 1 | |a Nohejl, Jiří | |